000 01450nac a22004337a 4500
001 BR8006985
003 BR-BrBNA
005 20240105114832.0
008 230509b bl.|||m| |||| 00| 0 por d
040 _aBR-BrBNA
_bpor
_cBiblioteca Nacional de Agricultura
072 _aE15; E70; E30
090 _aE15 BR8006985
100 1 _aVieira, L.M.
100 1 _aPaul, J.M.
100 1 _aRodigheri, J.A.
100 1 _aMachado, J.S.
100 1 _aToresan, L.
100 1 _aConceicao, O.A. da
100 1 _aBrugnago Neto, S.
110 1 _aComissao Estadual de Planejamento Agricola, Florianopolis, SC (Brasil)
_92047
245 1 _aSintese informativa da agricultura catarinense - 1980/81 [desenvolvimento agricola, comercializacao, Brasil]
260 3 _aFlorianopolis, SC (Brasil):
_c1980.
300 _a204 p.
490 _aSintese Informativa da Agricultura Catarinense (Brazil)
_v
_x
500 _a(*) Documento disponível na(o) Comissao Estadual de Planejamento Agricola, Florianopolis, SC (Brazil)
650 _aDESENVOLVIMENTO AGRICOLA
650 _aPRODUCAO ANIMAL
650 _aPRODUCAO VEGETAL
650 _aPOLITICA AGRICOLA
650 _aCREDITO AGRICOLA
650 _aESTRUTURA AGRARIA
650 _aELETRIFICACAO RURAL
650 _aRECURSO NATURAL
650 _aARMAZENAMENTO
650 _aPESCA
650 _aCOMERCIALIZACAO
909 _a202312
_bLúcia Elande
_c55
_dLúcia Elande
942 _2AGRIS
_n0
_cMS
999 _c271578
_d271578